[Event "European Blitz 2015"]
[Site "Minsk BLR"]
[Date "2015.12.18"]
[Round "7.15"]
[White "Smirin, Ilia"]
[Black "Potapov, Pavel"]
[Result "1-0"]
[WhiteTitle "GM"]
[BlackTitle "IM"]
[WhiteElo "2658"]
[BlackElo "2476"]
[WhiteFideId "2801990"]
[BlackFideId "4169786"]
[EventDate "2015.12.18"]
[EventType "swiss (blitz)"]

1. e4 d5 2. exd5 Qxd5 3. Nc3 Qd6 4. g3 Nf6 5. Bg2 g6 6. Nf3 Bg7 7. O-O O-O 8. d4
c6 9. Bf4 Qd8 10. Re1 Bg4 11. Qd2 Bxf3 12. Bxf3 e6 13. Bg5 Nbd7 14. Rad1 Qc7 15.
Bf4 Qb6 16. Bd6 Rfe8 17. Na4 Qd8 18. Bf4 Nd5 19. Bg5 Qc7 20. c4 N5b6 21. Qc2
Nxa4 22. Qxa4 Nb6 23. Qc2 h6 24. Bf4 Qd7 25. b3 Rad8 26. a4 Nc8 27. d5 cxd5 28.
cxd5 e5 29. Be3 f5 30. d6 e4 31. Be2 Kh7 32. Bb5 Qe6 33. d7 Rf8 34. Bc4 Qc6 35.
dxc8=Q Rxc8 36. Qd2 g5 37. Qd5 Qg6 38. Qe6 Qh5 39. Rd7 f4 40. Qxe4+ 1-0

[Event "European Blitz 2015"]
[Site "Minsk BLR"]
[Date "2015.12.18"]
[Round "7.16"]
[White "Kovalenko, Igor"]
[Black "Sychev, Klementy"]
[Result "0-1"]
[WhiteTitle "GM"]
[BlackTitle "IM"]
[WhiteElo "2680"]
[BlackElo "2415"]
[WhiteFideId "14117908"]
[BlackFideId "4114060"]
[EventDate "2015.12.18"]
[EventType "swiss (blitz)"]

1. d4 Nf6 2. c4 g6 3. Nc3 d5 4. Bg5 Bg7 5. e3 c5 6. cxd5 Nxd5 7. Bb5+ Bd7 8.
Bxd7+ Qxd7 9. Qb3 Nxc3 10. bxc3 Nc6 11. Nf3 Na5 12. Qb1 O-O 13. O-O Rac8 14. Qe4
Rfe8 15. Rab1 b6 16. Qh4 Nc4 17. Rfd1 Nd6 18. Rb3 h6 19. Bf4 g5 20. Bxg5 hxg5
21. Nxg5 Qf5 22. Nf3 cxd4 23. cxd4 Rc2 24. Ra3 a5 25. h3 Bf6 26. Qh6 Rec8 27.
Rb3 b5 28. Rbb1 Ne4 29. Rf1 Rxa2 30. Nh2 Nc3 31. Rbe1 Qg6 32. Qf4 Ne2+ 33. Rxe2
Rxe2 34. Ng4 b4 35. Qf3 Rec2 36. e4 Bxd4 37. Qf4 b3 38. Nh6+ Kf8 39. Nf5 b2 0-1

[Event "European Blitz 2015"]
[Site "Minsk BLR"]
[Date "2015.12.18"]
[Round "7.17"]
[White "Karpov, Vadim"]
[Black "Ragger, Markus"]
[Result "0-1"]
[WhiteTitle "IM"]
[BlackTitle "GM"]
[WhiteElo "2377"]
[BlackElo "2687"]
[WhiteFideId "4155025"]
[BlackFideId "1610856"]
[EventDate "2015.12.18"]
[EventType "swiss (blitz)"]

1. e4 e5 2. Nf3 Nc6 3. Bc4 Nf6 4. d4 exd4 5. O-O Nxe4 6. Re1 d5 7. Bxd5 Qxd5 8.
Nc3 Qd8 9. Rxe4+ Be7 10. Nxd4 f5 11. Bh6 O-O 12. Nxc6 bxc6 13. Rd4 Qe8 14. Bf4
Bf6 15. Rd3 Ba6 16. Re3 Qf7 17. Qf3 Bd4 18. Ree1 Rab8 19. Rad1 c5 20. b3 Bb7 21.
Qg3 a6 22. Bxc7 Bxc3 23. Bxb8 Bxe1 24. Rxe1 f4 25. Qg5 Rxb8 26. Qxc5 Qg6 27.
Qc4+ Kh8 28. g3 fxg3 29. hxg3 Qh5 30. Qh4 Qf3 31. Qh2 h6 32. Qh3 Rf8 0-1

[Event "European Blitz 2015"]
[Site "Minsk BLR"]
[Date "2015.12.18"]
[Round "7.18"]
[White "Chigaev, Maksim"]
[Black "Pavlov, Sergey2"]
[Result "0-1"]
[WhiteTitle "IM"]
[BlackTitle "IM"]
[WhiteElo "2526"]
[BlackElo "2454"]
[WhiteFideId "4108116"]
[BlackFideId "14114330"]
[EventDate "2015.12.18"]
[EventType "swiss (blitz)"]

1. e4 Nf6 2. d3 d5 3. exd5 Nxd5 4. g3 g6 5. Bg2 Bg7 6. Ne2 Nc6 7. O-O O-O 8.
Nbc3 Be6 9. Nf4 Nxf4 10. Bxf4 Qd7 11. Re1 Rac8 12. Qd2 Rfe8 13. Ne4 b6 14. c3
Bd5 15. d4 f5 16. Ng5 Bxg2 17. Kxg2 e5 18. dxe5 Qxd2 19. Bxd2 Nxe5 20. Bf4 Nd3
21. Rxe8+ Rxe8 22. Rd1 Nxb2 23. Rd7 c5 24. Rxa7 h6 25. Nf3 g5 26. Bd2 Nc4 27.
Rd7 Bf6 28. Kf1 g4 29. Ng1 0-1

[Event "European Blitz 2015"]
[Site "Minsk BLR"]
[Date "2015.12.18"]
[Round "7.19"]
[White "Rakhmanov, Aleksandr"]
[Black "Kuzin, Anton"]
[Result "1-0"]
[WhiteTitle "GM"]
[BlackTitle "IM"]
[WhiteElo "2640"]
[BlackElo "2409"]
[WhiteFideId "4173708"]
[BlackFideId "4148410"]
[EventDate "2015.12.18"]
[EventType "swiss (blitz)"]

1. c4 c5 2. Nc3 Nc6 3. g3 g6 4. Bg2 Bg7 5. d3 Nh6 6. h4 Nf5 7. h5 b6 8. h6 Bxc3+
9. bxc3 Bb7 10. e4 Nd6 11. f4 f5 12. e5 Nf7 13. d4 cxd4 14. cxd4 Qc7 15. Nf3 Na5
16. c5 bxc5 17. d5 c4 18. e6 dxe6 19. Qa4+ Qd7 20. Qxa5 Qxd5 21. Qc3 O-O-O 22.
Be3 Qd3 23. Rc1 Kb8 24. Kf2 Nd6 25. Qxd3 cxd3 26. Ng5 Bxg2 27. Kxg2 Ne4 28. Rhd1
Nxg5 29. fxg5 e5 30. Rc5 e4 31. Rb1+ Ka8 32. Rc7 1-0

[Event "European Blitz 2015"]
[Site "Minsk BLR"]
[Date "2015.12.18"]
[Round "7.20"]
[White "Zubritskiy, Artyom"]
[Black "Kazakovskiy, Valeriy"]
[Result "1-0"]
[WhiteTitle "FM"]
[BlackTitle "IM"]
[WhiteElo "2422"]
[BlackElo "2342"]
[WhiteFideId "4181247"]
[BlackFideId "13507443"]
[EventDate "2015.12.18"]
[EventType "swiss (blitz)"]

1. d4 Nf6 2. c4 e6 3. g3 Bb4+ 4. Bd2 Qe7 5. Bg2 Nc6 6. e3 O-O 7. Nc3 e5 8. d5
Nb8 9. Nge2 d6 10. O-O a5 11. Qc2 Na6 12. a3 Bxc3 13. Nxc3 Bd7 14. Rac1 Nc5 15.
b4 axb4 16. axb4 Na4 17. Ne2 c6 18. e4 cxd5 19. exd5 Rfc8 20. Qb3 Bg4 21. Rfe1
Nb6 22. c5 Na4 23. Ra1 b5 24. c6 Nb6 25. Be3 Nc4 26. Nc3 Rab8 27. Ra7 Qf8 28.
Bg5 Bf5 29. Nxb5 Nd2 30. Bxd2 Rxb5 31. Bf1 Rxd5 32. Bg5 Rd4 33. Bxf6 gxf6 34. b5
Be6 35. Qc3 Rb8 36. c7 Rb6 37. Rea1 Rd5 38. Ra8 Bc8 39. Bh3 Rc5 40. Qxc5 dxc5
41. Rxc8 1-0

[Event "European Blitz 2015"]
[Site "Minsk BLR"]
[Date "2015.12.18"]
[Round "7.21"]
[White "Balashov, Yuri S"]
[Black "Aleksandrov, Aleksej"]
[Result "1/2-1/2"]
[WhiteTitle "GM"]
[BlackTitle "GM"]
[WhiteElo "2408"]
[BlackElo "2615"]
[WhiteFideId "4100263"]
[BlackFideId "13500139"]
[EventDate "2015.12.18"]
[EventType "swiss (blitz)"]

1. Nf3 Nf6 2. c4 e6 3. Nc3 d5 4. e3 dxc4 5. Bxc4 c5 6. O-O a6 7. b3 Nc6 8. Bb2
Be7 9. Rc1 O-O 10. Qc2 b5 11. Be2 Bb7 12. Rfd1 Rc8 13. Qb1 Qb6 14. Ng5 h6 15.
Nge4 Rfd8 16. Nxf6+ Bxf6 17. Ne4 Bxb2 18. Qxb2 Nb4 19. Ng3 Nd3 20. Bxd3 Rxd3 21.
Rc3 Rcd8 22. Rxd3 Rxd3 23. Nh5 f6 24. Nf4 Rd7 25. Qc2 e5 26. Ne2 Qc6 27. f3 e4
28. fxe4 Qxe4 29. Qxe4 Bxe4 30. Kf2 Kf7 31. d4 cxd4 32. Rxd4 Rxd4 33. Nxd4 Ke7
34. g3 Kd6 35. Ke2 Kc5 36. a3 Kd5 37. Kd2 h5 38. Ne2 g5 39. a4 bxa4 40. Nc3+ Ke5
41. Nxa4 Bc6 42. Nc5 Bb5 43. b4 Kd5 44. Kc3 h4 45. Kb3 a5 46. Ka3 Kc4 47. Ne4
axb4+ 48. Kb2 Kd3 49. Nxf6 Kxe3 50. gxh4 gxh4 51. Kb3 Kf3 52. Kxb4 Bd7 53. Nxd7
Kg2 54. Ne5 Kxh2 55. Nf3+ 1/2-1/2

[Event "European Blitz 2015"]
[Site "Minsk BLR"]
[Date "2015.12.18"]
[Round "7.22"]
[White "Maljush, Andrej"]
[Black "Bortnyk, Mykola"]
[Result "1/2-1/2"]
[BlackTitle "IM"]
[WhiteElo "2285"]
[BlackElo "2416"]
[WhiteFideId "13500724"]
[BlackFideId "14120836"]
[EventDate "2015.12.18"]
[EventType "swiss (blitz)"]

1. e4 Nf6 2. Nc3 d5 3. exd5 Nxd5 4. Nf3 Nc6 5. d4 Bg4 6. Be2 e6 7. O-O Be7 8.
Ne4 Nf6 9. Ng3 h5 10. h4 Bxf3 11. Bxf3 Ng4 12. Nxh5 Rxh5 13. Bxg4 Rxh4 14. c3
Qd6 15. g3 Rh7 16. Bf4 Qd5 17. Bf3 Qf5 18. Qa4 Qh3 19. Bxc6+ Kf8 20. Rfe1 bxc6
21. Qxc6 Rd8 22. Qg2 Qg4 23. Re4 Rd5 24. Bxc7 Qg6 25. Re5 Rh5 26. Rxh5 Qxh5 27.
Re1 Kg8 28. Re5 Qd1+ 29. Qf1 Qc2 30. Rxd5 exd5 31. Qb5 Qb1+ 32. Kg2 Qe4+ 33. Kg1 1/2-1/2

[Event "European Blitz 2015"]
[Site "Minsk BLR"]
[Date "2015.12.18"]
[Round "7.23"]
[White "Alekseev, Evgeny"]
[Black "Reprintsev, Alexander"]
[Result "1-0"]
[WhiteTitle "GM"]
[BlackTitle "IM"]
[WhiteElo "2642"]
[BlackElo "2321"]
[WhiteFideId "4138147"]
[BlackFideId "14100541"]
[EventDate "2015.12.18"]
[EventType "swiss (blitz)"]

1. e4 d5 2. exd5 Qxd5 3. d4 Nc6 4. Nf3 Bg4 5. Nc3 Qf5 6. Bb5 Bxf3 7. gxf3 e6 8.
Bxc6+ bxc6 9. Ne4 Nf6 10. Qe2 Bd6 11. Rg1 Bxh2 12. Rxg7 Bf4 13. Bxf4 Qxf4 14.
Qe3 Qxe3+ 15. fxe3 Nxe4 16. fxe4 Ke7 17. Kf2 Rag8 18. Rxg8 Rxg8 19. Rh1 Rg7 20.
Rh5 Kd6 21. a4 f6 22. Ra5 Rg5 23. Rxa7 Rh5 24. Ke2 Rh1 25. Ra8 e5 26. a5 Ra1 27.
b4 Ra2 28. Kd3 exd4 29. exd4 Rb2 30. c3 Rh2 31. Rh8 c5 32. bxc5+ Kc6 33. a6 Ra2
34. Rf8 1-0

[Event "European Blitz 2015"]
[Site "Minsk BLR"]
[Date "2015.12.18"]
[Round "7.24"]
[White "Guseinov, Gadir"]
[Black "Potapov, Alexey"]
[Result "1-0"]
[WhiteTitle "GM"]
[BlackTitle "IM"]
[WhiteElo "2646"]
[BlackElo "2389"]
[WhiteFideId "13401378"]
[BlackFideId "4182138"]
[EventDate "2015.12.18"]
[EventType "swiss (blitz)"]

1. e4 c6 2. d4 d5 3. Nd2 dxe4 4. Nxe4 Nf6 5. Nxf6+ gxf6 6. c3 Bf5 7. Nf3 Qd5 8.
Be3 Rg8 9. g3 Nd7 10. Bg2 Be4 11. O-O O-O-O 12. c4 Qa5 13. Qe2 f5 14. d5 e6 15.
dxc6 Bxc6 16. a3 Qc7 17. b4 Kb8 18. Rfd1 Ka8 19. Bf4 Qc8 20. c5 Bg7 21. Rac1 Bf6
22. b5 Be4 23. Bd6 Nb8 24. Ne1 Bxg2 25. Nxg2 Rg4 26. Nf4 Rgg8 27. Qf3 Bg5 28. c6
Bxf4 29. Bxf4 Rxd1+ 30. Qxd1 bxc6 31. bxc6 Rd8 32. Qxd8 1-0

[Event "European Blitz 2015"]
[Site "Minsk BLR"]
[Date "2015.12.18"]
[Round "7.26"]
[White "Nozdrachev, Leonid"]
[Black "Demidov, Mikhail"]
[Result "0-1"]
[WhiteTitle "FM"]
[BlackTitle "IM"]
[WhiteElo "2413"]
[BlackElo "2485"]
[WhiteFideId "24113433"]
[BlackFideId "4197143"]
[EventDate "2015.12.18"]
[EventType "swiss (blitz)"]

1. e4 e6 2. d4 d5 3. Nc3 Be7 4. Nf3 Nf6 5. Bd3 c5 6. exd5 exd5 7. dxc5 O-O 8.
O-O Nbd7 9. Bf5 Nxc5 10. Bxc8 Rxc8 11. Bg5 Nce4 12. Nxe4 dxe4 13. Nd4 Qd5 14.
Be3 Rfd8 15. Qe2 Qe5 16. c3 Nd5 17. Qg4 g6 18. Rad1 f5 19. Qh3 Bc5 20. Bh6 Re8
21. Nb3 Bb6 22. Qh4 Rc7 23. Kh1 f4 24. Rxd5 Qxd5 25. Qxf4 Rf7 26. Qg3 e3 27. Re1
e2 28. h4 0-1

[Event "European Blitz 2015"]
[Site "Minsk BLR"]
[Date "2015.12.18"]
[Round "7.27"]
[White "Minko, Vladimir"]
[Black "Roiz, Michael"]
[Result "1/2-1/2"]
[WhiteTitle "FM"]
[BlackTitle "GM"]
[WhiteElo "2361"]
[BlackElo "2594"]
[WhiteFideId "24146706"]
[BlackFideId "2804158"]
[EventDate "2015.12.18"]
[EventType "swiss (blitz)"]

1. d4 Nf6 2. c4 g6 3. g3 Bg7 4. Bg2 O-O 5. Nf3 d5 6. cxd5 Nxd5 7. Nc3 Nc6 8. O-O
Nb6 9. e3 Re8 10. Nh4 e5 11. d5 Nb4 12. e4 c6 13. Qb3 Nd3 14. Be3 c5 15. Qc2 c4
16. Rfd1 Bg4 17. f3 Bd7 18. Bf1 Rc8 19. Bxd3 cxd3 20. Qxd3 Nc4 21. Rab1 Qa5 22.
b4 Qd8 23. Bf2 a6 24. b5 Na3 25. Rb2 Bxb5 26. Nxb5 Nxb5 27. a4 Nd6 28. Rb6 Qd7
29. Rdb1 Bf6 30. Ng2 Bd8 31. R6b3 Qxa4 32. h4 Qd7 33. h5 Bg5 34. f4 Bf6 35. Rb4
a5 36. Rb6 exf4 37. gxf4 Nxe4 38. Rxb7 Qf5 39. hxg6 hxg6 40. d6 Rcd8 41. d7 Re7
42. R7b5 Qxd7 43. Qxd7 Rexd7 44. Rxa5 Rd2 45. Be3 Re2 46. Rab5 Nc3 47. R5b2 Rxe3
48. Nxe3 Nxb1 1/2-1/2

[Event "European Blitz 2015"]
[Site "Minsk BLR"]
[Date "2015.12.18"]
[Round "7.28"]
[White "Kochetkova, Julia"]
[Black "Gunina, Valentina"]
[Result "0-1"]
[WhiteTitle "WGM"]
[BlackTitle "GM"]
[WhiteElo "2320"]
[BlackElo "2502"]
[WhiteFideId "4139690"]
[BlackFideId "4167570"]
[EventDate "2015.12.18"]
[EventType "swiss (blitz)"]

1. e4 c6 2. d4 d5 3. Nc3 dxe4 4. Nxe4 Bf5 5. Ng3 Bg6 6. h4 h6 7. Nf3 Nd7 8. h5
Bh7 9. Bd3 Bxd3 10. Qxd3 e6 11. Ne4 Qb6 12. Bf4 Ngf6 13. Nxf6+ Nxf6 14. O-O-O
Nd5 15. Bd2 Bd6 16. Kb1 O-O-O 17. c4 Qa6 18. Qb3 Nf6 19. Be3 Bc7 20. Nd2 Qa5 21.
c5 Nd5 22. Nc4 Qb4 23. Qxb4 Nxb4 24. Rh4 Nd5 25. Bc1 Ne7 26. Bf4 Rd5 27. Bxc7
Kxc7 28. Nd6 Nf5 29. Nxf5 Rxf5 30. f3 Rd8 31. Kc2 Rdd5 32. Rg4 Rg5 33. Rxg5 Rxg5
34. g4 f5 35. Re1 fxg4 36. Rxe6 g3 37. Re1 Kd7 38. Rg1 Ke6 39. Kd3 Kd5 40. Re1
g2 41. Rg1 Ke6 42. Ke4 Kf6 43. f4 Rg3 44. d5 cxd5+ 45. Kxd5 Kf5 46. b4 Kxf4 47.
b5 Rd3+ 48. Kc4 Rd2 49. c6 bxc6 50. bxc6 Ke5 0-1

[Event "European Blitz 2015"]
[Site "Minsk BLR"]
[Date "2015.12.18"]
[Round "7.29"]
[White "Goganov, Aleksey"]
[Black "Gritsenko, Nikolai"]
[Result "1-0"]
[WhiteTitle "GM"]
[BlackTitle "FM"]
[WhiteElo "2597"]
[BlackElo "2309"]
[WhiteFideId "24109959"]
[BlackFideId "14112493"]
[EventDate "2015.12.18"]
[EventType "swiss (blitz)"]

1. d4 d5 2. c4 Nc6 3. cxd5 Qxd5 4. e3 e5 5. Nc3 Bb4 6. Bd2 Bxc3 7. bxc3 Qd6 8.
Bd3 Nge7 9. Ne2 O-O 10. O-O f5 11. c4 exd4 12. exd4 Nxd4 13. Nxd4 Qxd4 14. Qe2
Nc6 15. Rad1 Qf6 16. Bf4 Be6 17. Bxc7 Rae8 18. Qd2 f4 19. Be4 Bxc4 20. Rfe1 Kh8
21. Bd6 Rd8 22. Bxc6 bxc6 23. Qb4 Rg8 24. Be7 Rxd1 25. Bxf6 Rxe1+ 26. Qxe1 gxf6
27. Qc3 1-0

[Event "European Blitz 2015"]
[Site "Minsk BLR"]
[Date "2015.12.18"]
[Round "7.30"]
[White "Novitzkij, Dmitrij"]
[Black "Huzman, Alexander"]
[Result "1/2-1/2"]
[WhiteTitle "IM"]
[BlackTitle "GM"]
[WhiteElo "2317"]
[BlackElo "2581"]
[WhiteFideId "13500619"]
[BlackFideId "2803828"]
[EventDate "2015.12.18"]
[EventType "swiss (blitz)"]

1. e4 e6 2. d4 d5 3. exd5 exd5 4. Nf3 Bg4 5. h3 Qe7+ 6. Be3 Bh5 7. a3 Nf6 8. c4
Nc6 9. Nc3 O-O-O 10. cxd5 Nxd5 11. Nxd5 Rxd5 12. Be2 Qf6 13. O-O Bd6 14. Rc1 Re8
15. Qa4 Ra5 16. Qc2 Rf5 17. Ne5 Bxe2 18. Qxe2 Nxe5 19. dxe5 Rfxe5 20. Qg4+ Qe6
21. Qxg7 Kb8 22. Bf4 Re2 23. Bxd6 cxd6 24. Qc3 a6 25. b4 d5 26. a4 Re4 27. b5
Rxa4 28. Qc7+ Ka8 29. bxa6 Rxa6 30. Rb1 Qe7 31. Rxb7 Qxc7 32. Rxc7 Rd8 33. Rxf7
h6 34. Rf3 d4 35. Rd3 Kb7 36. Rfd1 Rad6 37. Kf1 Kc6 38. f4 1/2-1/2

[Event "European Blitz 2015"]
[Site "Minsk BLR"]
[Date "2015.12.18"]
[Round "7.31"]
[White "Dzhumagaliev, Yan"]
[Black "Meribanov, Vitaly"]
[Result "0-1"]
[WhiteTitle "FM"]
[BlackTitle "IM"]
[WhiteElo "2400"]
[BlackElo "2392"]
[WhiteFideId "24100110"]
[BlackFideId "13504363"]
[EventDate "2015.12.18"]
[EventType "swiss (blitz)"]

1. h4 c5 2. h5 h6 3. c3 Nc6 4. d4 cxd4 5. cxd4 d5 6. Nc3 Nf6 7. Nf3 Bg4 8. Ne5
Bxh5 9. f3 Nxe5 10. dxe5 Nd7 11. Rxh5 e6 12. f4 Bc5 13. e4 d4 14. Nb5 Qb6 15. a4
d3 16. Qxd3 Bf2+ 17. Ke2 O-O 18. a5 Qc5 19. b4 Qxb4 20. Kxf2 Nc5 21. Qc4 Nxe4+
22. Kf3 Qe1 23. Qe2 Qg3+ 24. Kxe4 f5+ 25. exf6 Rxf6 26. Re5 Raf8 27. Nd4 Rxf4+ 0-1

[Event "European Blitz 2015"]
[Site "Minsk BLR"]
[Date "2015.12.18"]
[Round "7.32"]
[White "Savenkov, Konstantin"]
[Black "Romanov, Evgeny"]
[Result "1-0"]
[WhiteTitle "FM"]
[BlackTitle "GM"]
[WhiteElo "2325"]
[BlackElo "2590"]
[WhiteFideId "4138600"]
[BlackFideId "4148843"]
[EventDate "2015.12.18"]
[EventType "swiss (blitz)"]

1. e4 e5 2. Nf3 Nc6 3. Bc4 Bc5 4. c3 Nf6 5. d4 exd4 6. cxd4 Bb4+ 7. Bd2 Bxd2+ 8.
Nbxd2 d5 9. exd5 Nxd5 10. O-O O-O 11. Rc1 Nb6 12. Bb3 Bg4 13. h3 Bh5 14. Rc5 Bg6
15. Re1 Nd7 16. Rc1 Nf6 17. Nc4 Be4 18. Nce5 Bd5 19. Bxd5 Qxd5 20. Nxc6 bxc6 21.
b3 Qd6 22. Ne5 Qa3 23. Qc2 c5 24. dxc5 Rae8 25. Nd3 Qa6 26. Rcd1 h6 27. b4 Rxe1+
28. Rxe1 Rd8 29. Ne5 Qe6 30. Nf3 Qd5 31. Re7 Rd7 32. Rxd7 Qxd7 33. Qd2 Qe7 34.
a4 Ne4 35. Qd4 Nf6 36. Ne5 Qe6 37. b5 Nd5 38. Nc6 Nf6 39. Ne5 g6 40. a5 h5 41.
b6 cxb6 42. cxb6 axb6 43. axb6 Qc8 44. Qc4 Qb8 45. Qxf7+ 1-0

[Event "European Blitz 2015"]
[Site "Minsk BLR"]
[Date "2015.12.18"]
[Round "7.33"]
[White "Rozum, Ivan"]
[Black "Rozhko, Dmitry"]
[Result "1-0"]
[WhiteTitle "GM"]
[BlackTitle "FM"]
[WhiteElo "2559"]
[BlackElo "2313"]
[WhiteFideId "24104272"]
[BlackFideId "4150430"]
[EventDate "2015.12.18"]
[EventType "swiss (blitz)"]

1. d4 d5 2. Nf3 Nf6 3. c4 c6 4. e3 g6 5. Nc3 Bg7 6. Be2 O-O 7. O-O a6 8. a4 a5
9. cxd5 Nxd5 10. e4 Nb4 11. Bf4 N8a6 12. h3 Nc7 13. Qd2 Ne6 14. Be3 b6 15. Rfd1
Ba6 16. Bxa6 Rxa6 17. Bh6 Ra7 18. Bxg7 Kxg7 19. d5 Nc5 20. Nd4 cxd5 21. exd5 Rd7
22. Qg5 Kg8 23. Nc6 Nxc6 24. dxc6 Rxd1+ 25. Rxd1 Qa8 26. Nd5 Ne6 27. Nxe7+ Kg7
28. Qe5+ Kh6 29. Qf6 Re8 1-0

[Event "European Blitz 2015"]
[Site "Minsk BLR"]
[Date "2015.12.18"]
[Round "7.34"]
[White "Mikhalevski, Victor"]
[Black "Shevchenko, Kirill"]
[Result "1/2-1/2"]
[WhiteTitle "GM"]
[BlackTitle "FM"]
[WhiteElo "2535"]
[BlackElo "2373"]
[WhiteFideId "2801914"]
[BlackFideId "14129574"]
[EventDate "2015.12.18"]
[EventType "swiss (blitz)"]

1. c4 Nf6 2. g3 g6 3. b3 Bg7 4. Bb2 O-O 5. Bg2 d6 6. d4 Nbd7 7. Nf3 Ne4 8. Nbd2
Ndf6 9. O-O Nxd2 10. Qxd2 Nd7 11. Rad1 c5 12. e3 Qc7 13. Rfe1 a6 14. Ng5 Nf6 15.
dxc5 Qxc5 16. e4 Bg4 17. Rc1 h6 18. Nf3 Bxf3 19. Bxf3 Nd7 20. b4 Qg5 21. Qe2
Bxb2 22. Qxb2 Qf6 23. Qb3 Rac8 24. Be2 Ne5 25. Red1 Rc7 26. f4 Nc6 27. Bf1 Rfc8
28. a3 h5 29. Qe3 Nb8 30. Bh3 Re8 31. e5 dxe5 32. fxe5 Qc6 33. e6 f5 34. Bg2 Qa4
35. Qh6 1/2-1/2

[Event "European Blitz 2015"]
[Site "Minsk BLR"]
[Date "2015.12.18"]
[Round "7.35"]
[White "Tokranovs, Dmitrijs"]
[Black "Kryakvin, Dmitry"]
[Result "0-1"]
[BlackTitle "GM"]
[WhiteElo "2179"]
[BlackElo "2529"]
[WhiteFideId "11603011"]
[BlackFideId "4153278"]
[EventDate "2015.12.18"]
[EventType "swiss (blitz)"]

1. e4 c5 2. c3 g6 3. d4 cxd4 4. cxd4 d5 5. exd5 Nf6 6. Nc3 Bg7 7. Qb3 O-O 8. Be2
Na6 9. Bf3 Qb6 10. Qxb6 axb6 11. Nge2 Nb4 12. O-O Rd8 13. Bg5 Nbxd5 14. Nxd5
Nxd5 15. Nc3 Be6 16. Rfe1 Bxd4 17. Nxd5 Bxd5 18. Bxe7 Rd7 19. Bxd5 Rxd5 20. a3
Bxb2 21. Rab1 Bxa3 22. Bxa3 Rxa3 23. Rxb6 Rd7 24. h3 Rc3 25. Reb1 Rcc7 26. R6b3
h5 27. Rb6 Kf8 28. R1b3 Ke8 29. g3 Kd8 30. Kg2 Kc8 31. Rf6 Rc6 32. Rf4 Kb8 33.
g4 hxg4 34. hxg4 b6 35. Rbf3 Rcc7 36. Rf6 Kb7 37. Kg3 Re7 38. R3f4 Ka6 39. Ra4+
Kb5 40. Ra3 Rb7 41. Rf4 Re6 42. Rb3+ Kc6 43. Rd4 Rd6 44. Rc3+ Kd7 45. Rf4 Ke7
46. Rcf3 Ke8 47. Re3+ Kf8 48. Rb3 b5 49. Rfb4 Rd5 50. Kf3 Ke7 51. Ke4 Kd6 52.
Rf3 Kc5 53. Rb1 Re7+ 54. Kf4 Kb6 55. Rfb3 Red7 56. Kg3 Rd3+ 57. f3 Rxb3 58. Rxb3
Kc5 59. Rc3+ Kd4 60. Rc1 Rb7 61. Kf2 b4 62. Ke2 b3 63. Kd2 b2 64. Rb1 g5 65. Kc2
Ke3 0-1

[Event "European Blitz 2015"]
[Site "Minsk BLR"]
[Date "2015.12.18"]
[Round "7.36"]
[White "Zakhartsov, Vladimir"]
[Black "Lobanov, Sergei"]
[Result "1-0"]
[WhiteTitle "IM"]
[WhiteElo "2462"]
[BlackElo "2457"]
[WhiteFideId "4145097"]
[BlackFideId "24183750"]
[EventDate "2015.12.18"]
[EventType "swiss (blitz)"]

1. e4 c5 2. Nf3 d6 3. d4 cxd4 4. Nxd4 Nf6 5. Nc3 Nc6 6. f3 e5 7. Nb3 Be7 8. Be3
O-O 9. Qd2 a5 10. Rd1 a4 11. Nc1 a3 12. b3 Be6 13. Nd5 Bxd5 14. exd5 Nb8 15. Bb5
Nbd7 16. O-O Nh5 17. c4 f5 18. b4 Rc8 19. Nb3 b6 20. Rc1 h6 21. Bxd7 Qxd7 22.
Bxb6 Qa4 23. Be3 Nf4 24. c5 dxc5 25. bxc5 Rfd8 26. Bxf4 exf4 27. d6 Bf6 28. Qd5+
Kh8 29. c6 Qb4 30. d7 Rc7 31. Kh1 Qf8 32. Nc5 1-0

[Event "European Blitz 2015"]
[Site "Minsk BLR"]
[Date "2015.12.18"]
[Round "7.37"]
[White "Ladva, Ottomar"]
[Black "Saveliev, Alexei"]
[Result "1-0"]
[WhiteTitle "IM"]
[WhiteElo "2401"]
[BlackElo "2328"]
[WhiteFideId "4500024"]
[BlackFideId "24128546"]
[EventDate "2015.12.18"]
[EventType "swiss (blitz)"]

1. Nf3 Nf6 2. c4 e6 3. g3 d5 4. Bg2 Be7 5. d4 O-O 6. O-O b6 7. Nc3 Bb7 8. Ne5
Na6 9. Bg5 h6 10. Bxf6 Bxf6 11. cxd5 exd5 12. e3 c5 13. f4 Nc7 14. Qd2 cxd4 15.
exd4 Re8 16. Rfd1 Ne6 17. Bf3 g6 18. Qg2 Nc7 19. Rac1 a6 20. Na4 Qd6 21. Qh3 Bg7
22. Nc3 Rad8 23. Qg2 Kf8 24. h4 h5 25. Rf1 Ne6 26. Rcd1 Kg8 27. Kh1 b5 28. a3
Kh7 29. Nxf7 Qd7 30. Nxd8 Rxd8 31. Qh3 Nxd4 32. Qxd7 Rxd7 33. Bg2 Nf5 34. Rd3 d4
35. Bxb7 Rxb7 36. Ne4 Rc7 37. Rf2 Rc1+ 38. Kh2 Ne3 39. Re2 Ng4+ 40. Kg2 Ne3+ 41.
Kf3 Rf1+ 42. Rf2 Rc1 43. Ng5+ Kg8 44. Ne6 Nf5 45. Rfd2 Bf6 46. Nxd4 Bxd4 47.
Rxd4 Nxd4+ 48. Rxd4 Rc2 49. Rd6 Kf7 50. f5 gxf5 51. Kf4 Rxb2 52. Rxa6 Rb3 53.
Rh6 Rxa3 54. Rxh5 Kg6 55. Rg5+ Kh6 56. Rxf5 Ra4+ 57. Kf3 Ra3+ 58. Kg4 Rb3 59.
Rf6+ Kg7 60. Rb6 b4 61. h5 Rb1 62. Kg5 b3 63. h6+ Kh7 64. Rb7+ Kg8 65. Kg6 Rf1
66. Rb8+ Rf8 67. h7+ 1-0

[Event "European Blitz 2015"]
[Site "Minsk BLR"]
[Date "2015.12.18"]
[Round "7.38"]
[White "Kanter, Eduard"]
[Black "Grishchenko, Sergey1"]
[Result "1/2-1/2"]
[WhiteTitle "IM"]
[BlackTitle "IM"]
[WhiteElo "2353"]
[BlackElo "2442"]
[WhiteFideId "4103963"]
[BlackFideId "4136730"]
[EventDate "2015.12.18"]
[EventType "swiss (blitz)"]

1. d4 d5 2. c4 e6 3. Nf3 c5 4. cxd5 exd5 5. Nc3 Nc6 6. dxc5 d4 7. Na4 Bg4 8. e3
Nf6 9. Be2 b5 10. cxb6 Bb4+ 11. Nd2 Bxe2 12. Qxe2 axb6 13. exd4+ Kf8 14. O-O
Rxa4 15. Qb5 Qa8 16. Nc4 Nxd4 17. Qe5 Bc5 18. b3 Nxb3 19. Rb1 Nxc1 20. Rfxc1 Qe8
21. Qc3 1/2-1/2